Formula 1 driver 2022 - Statistics

General Stats
  • This quiz has been taken 62 times
  • The average score is 19 of 21
Answer Stats
Picture Answer % Correct
Max Verstappen
100%
Daniel Ricciardo
98%
Lewis Hamilton
98%
Lando Norris
96%
Valtteri Bottas
96%
Mick Schumacher
93%
Sebastian Vettel
93%
Alex Albon
91%
Fernando Alonso
91%
Carlos Sainz
89%
Charles Leclerc
89%
Kevin Magnussen
87%
Lance Stroll
87%
Pierre Gasly
87%
Esteban Ocon
84%
George Russell
84%
Nicholas Latifi
84%
Yuki Tsunoda
84%
Zhou Guanyu
82%
Nico Hulkenberg
80%
Sergio Perez "Checo"
67%
No matching quizzes found
Score Distribution
Percent of People with Each Score
Percentile by Number Answered
Your Score History
You have not taken this quiz